Statistics for Spaces - One Direction - All Lyrics

Click here to take the quiz!

General Stats

  • This quiz has been taken 16 times
  • The average score is 192 of 243

Answer Stats

Answer% Correct
don't
100%
I
100%
spaces
100%
Spaces
100%
and
92%
be
92%
it
92%
know
92%
Oh,
92%
(Oh-oh)
92%
The
92%
the
92%
to
92%
us
92%
we
92%
We
92%
why
92%
between
85%
ever
85%
our
85%
ya,
85%
all
77%
first
77%
getting
77%
It's
77%
keep
77%
on
77%
say
77%
though
77%
tried
77%
When
77%
Will
77%
will
77%
at
69%
deeper
69%
even
69%
goodbye?
69%
harder
69%
hold
69%
Leavin'
69%
night?
69%
one
69%
reach
69%
secrets
69%
speechless
69%
asleep
62%
away?
62%
drive
62%
fall
62%
fire?
62%
gonna
62%
last
62%
learn?
62%
made
62%
taking
62%
this
62%
turns
62%
Who's
62%
every
54%
fight?
54%
forget
54%
Forgetting
54%
place?
54%
promise
54%
set
54%
single
54%
start
54%
compromise?
46%
Bye
38%

Score Distribution

Percentile by Number Answered

Percent of People with Each Score

Your Score History

You have not taken this quiz